IT applications for TQM and library marketing / (Record no. 27668)

MARC details
000 -LEADER
fixed length control field 04002nam a22004935a 4500
005 - DATE AND TIME OF LATEST TRANSACTION
control field 2009062008228.0
008 - FIXED-LENGTH DATA ELEMENTS--GENERAL INFORMATION
fixed length control field 090427s2008 ii b 000 0 eng c
010 ## - LCCN (DPL NO)
LC control number ENG-94139
020 ## - INTERNATIONAL STANDARD BOOK NUMBER
International Standard Book Number 9788170005476
Terms of availability 650.00
020 ## - INTERNATIONAL STANDARD BOOK NUMBER
International Standard Book Number 8170005477
Terms of availability 650.00
035 ## - SYSTEM CONTROL NUMBER
System control number EN-77672
035 ## - SYSTEM CONTROL NUMBER
System control number B-359540-551
037 ## - SOURCE OF ACQUISITION
Source of stock number/acquisition DBAD / PUB
037 ## - SOURCE OF ACQUISITION
Source of stock number/acquisition Ess Ess Publications
040 ## - CATALOGING SOURCE
Original cataloging agency dpl
Language of cataloging English
082 ## - DEWEY DECIMAL CLASSIFICATION NUMBER
Classification number 025.00285
100 ## - MAIN ENTRY--PERSONAL NAME
Personal name Dabas, K. C.
245 ## - TITLE STATEMENT
Title IT applications for TQM and library marketing /
Statement of responsibility, etc by K.C. Dabas
260 ## - PUBLICATION, DISTRIBUTION, ETC. (IMPRINT)
Place of publication, distribution, etc New Dehli
Name of publisher, distributor, etc Ess Ess Publications
Date of publication, distribution, etc 2008
270 ## - ADDRESS
Address 4837/24, Ansari Road, Daryaganj
City New Delhi
Postal code 110002
300 ## - PHYSICAL DESCRIPTION
Extent xv, 243 p.
Dimensions 23cm(Hb)
500 ## - GENERAL NOTE
General note Includes bibliographical references.
650 ## - SUBJECT ADDED ENTRY--TOPICAL TERM
Topical term or geographic name as entry element Libraries
General subdivision Technological innovations.
650 ## - SUBJECT ADDED ENTRY--TOPICAL TERM
Topical term or geographic name as entry element Libraries
Geographic subdivision India
General subdivision Automation.
650 ## - SUBJECT ADDED ENTRY--TOPICAL TERM
Topical term or geographic name as entry element Total quality management
Geographic subdivision India.
650 ## - SUBJECT ADDED ENTRY--TOPICAL TERM
Topical term or geographic name as entry element Library science
General subdivision Information technology
Geographic subdivision India.
650 ## - SUBJECT ADDED ENTRY--TOPICAL TERM
Topical term or geographic name as entry element Libraries and the Internet.
650 ## - SUBJECT ADDED ENTRY--TOPICAL TERM
Topical term or geographic name as entry element Libraries
General subdivision Information technology.
942 ## - ADDED ENTRY ELEMENTS (KOHA)
Source of classification or shelving scheme Dewey Decimal Classification
Item type English Books
Call number suffix DAB
Classification part 025.00285
Holdings
Withdrawn status Lost status Source of classification or shelving scheme Damaged status Not for loan Collection code Home library Current library Date acquired Source of acquisition Cost, normal purchase price Total Checkouts Full call number Barcode Date last seen Copy number Cost, replacement price Koha item type Total Renewals
    Dewey Decimal Classification     Non-fiction Andrews Gunj Andrews Gunj 27/01/2010 Ess Ess Pub./20008/21.10.09/113/16.10.09/21.10.09 650.00   025.00285 DAB B-359546 27/01/2010 1 650.00 English Books  
    Dewey Decimal Classification     Reference Central Library Central Library 27/01/2010 Ess Ess Pub./20008/21.10.09/113/16.10.09/21.10.09 650.00   025.00285 DAB B-359541 27/01/2010 1 650.00 English Books  
    Dewey Decimal Classification     Non-fiction Central Library Central Library 27/01/2010 Ess Ess Pub./20008/21.10.09/113/16.10.09/21.10.09 650.00   025.00285 DAB B-359540 27/01/2010 1 650.00 English Books  
    Dewey Decimal Classification   Not For Loan Non-fiction D.B.Act.Division D.B.Act.Division 20/06/2009 DBAD / PUB 650.00   025.00285 DAB EN-77672 20/06/2009 1 650.00 English Books  
    Dewey Decimal Classification     Non-fiction Janak Puri Janak Puri 27/01/2010 Ess Ess Pub./20008/21.10.09/113/16.10.09/21.10.09 650.00 4 025.00285 DAB B-359543 01/06/2024 1 650.00 English Books 1
    Dewey Decimal Classification     Non-fiction Karol Bagh Karol Bagh 27/01/2010 Ess Ess Pub./20008/21.10.09/113/16.10.09/21.10.09 650.00   025.00285 DAB B-359549 27/01/2010 1 650.00 English Books  
    Dewey Decimal Classification     Non-fiction Patel Nagar Patel Nagar 27/01/2010 Ess Ess Pub./20008/21.10.09/113/16.10.09/21.10.09 650.00   025.00285 DAB B-359542 27/01/2010 1 650.00 English Books  
    Dewey Decimal Classification     Non-fiction R.K.Puram-8 R.K.Puram-8 27/01/2010 Ess Ess Pub./20008/21.10.09/113/16.10.09/21.10.09 650.00   025.00285 DAB B-359545 27/01/2010 1 650.00 English Books  
    Dewey Decimal Classification     Non-fiction Sarojini Nagar Sarojini Nagar 27/01/2010 Ess Ess Pub./20008/21.10.09/113/16.10.09/21.10.09 650.00   025.00285 DAB B-359544 27/01/2010 1 650.00 English Books  
    Dewey Decimal Classification     Non-fiction Shahdara Branch Shahdara Branch 27/01/2010 Ess Ess Pub./20008/21.10.09/113/16.10.09/21.10.09 650.00   025.00285 DAB B-359550 27/01/2010 1 650.00 English Books  
    Dewey Decimal Classification     Non-fiction Sriniwas Puri Sriniwas Puri 27/01/2010 Ess Ess Pub./20008/21.10.09/113/16.10.09/21.10.09 650.00   025.00285 DAB B-359547 27/01/2010 1 650.00 English Books  
    Dewey Decimal Classification     Non-fiction Vinoba Puri Vinoba Puri 27/01/2010 Ess Ess Pub./20008/21.10.09/113/16.10.09/21.10.09 650.00 1 025.00285 DAB B-359548 07/04/2018 1 650.00 English Books  
    Dewey Decimal Classification     Non-fiction Yojana Vihar Yojana Vihar 27/01/2010 Ess Ess Pub./20008/21.10.09/113/16.10.09/21.10.09 650.00   025.00285 DAB B-359551 27/01/2010 1 650.00 English Books  

© Delhi Public Library
Hit Counter
free hit counter